[Event "Laval op"]
[Site "Laval CAN"]
[Date "2018.06.22"]
[Round "1.12"]
[White "Gauthier, Luc"]
[Black "Zheng, Richard"]
[Result "0-1"]
[WhiteElo "1581"]
[BlackElo "1991"]
[PlyCount "52"]
[EventDate "2018.06.22"]
[EventType "swiss"]
[EventRounds "5"]
[EventCountry "CAN"]

1. e4 e6 2. d4 d5 3. e5 c5 4. c3 Nc6 5. Nf3 Nge7 6. Bd3 Ng6 7. O-O Be7 8. Re1
O-O 9. g3 c4 10. Bc2 b5 11. h4 f5 12. exf6 gxf6 13. h5 Nh8 14. Bh6 Re8 15. Ne5
Nxe5 16. dxe5 f5 17. Bf4 Bg5 18. Qf3 Bxf4 19. Qxf4 Nf7 20. Nd2 Qg5 21. Qxg5+
Nxg5 22. Kg2 Bb7 23. f3 Rad8 24. a4 d4 25. cxd4 Rxd4 26. Rad1 Rxd2+ 0-1

[Event "Laval op"]
[Site "Laval CAN"]
[Date "2018.06.22"]
[Round "1.13"]
[White "Couture, Jonathan"]
[Black "Chang, Alexander RZ"]
[Result "0-1"]
[WhiteElo "1928"]
[BlackElo "1567"]
[PlyCount "102"]
[EventDate "2018.06.22"]
[EventType "swiss"]
[EventRounds "5"]
[EventCountry "CAN"]

1. e4 e5 2. Nf3 Nc6 3. Bc4 Bc5 4. b4 Bxb4 5. c3 Ba5 6. d4 exd4 7. O-O d6 8. Qb3
Qe7 9. e5 dxe5 10. Ba3 Qf6 11. Re1 Nge7 12. Nbd2 O-O 13. Ne4 Qg6 14. Bxe7 Nxe7
15. Nxe5 Qb6 16. Bxf7+ Kh8 17. Qa3 c5 18. Rab1 Qc7 19. Nxc5 Bxc3 20. Re2 b6 21.
Ne6 Bxe6 22. Bxe6 Nc6 23. Nd3 a5 24. Bd5 Rfe8 25. Rxe8+ Rxe8 26. Qa4 Rc8 27.
Be6 Rb8 28. Qc4 Qd6 29. a3 Ne5 30. Nxe5 Qxe5 31. Bg4 Qe4 32. Rb3 Qxg4 33. f3
Qh4 34. g3 Qf6 35. Qc7 Qd8 36. Qc4 Qd7 37. Rb5 Rc8 38. Qd3 Qe6 39. Kg2 Re8 40.
h4 Qe2+ 41. Qxe2 Rxe2+ 42. Kf1 Re6 43. Rd5 h6 44. a4 Re1+ 45. Kf2 Ra1 46. g4
Rxa4 47. g5 hxg5 48. hxg5 Rc4 49. g6 Rc8 50. Ke2 a4 51. Kd3 a3 0-1

[Event "Laval op"]
[Site "Laval CAN"]
[Date "2018.06.22"]
[Round "1.14"]
[White "Lafleche, Alain"]
[Black "Zhong, Kevin"]
[Result "0-1"]
[WhiteElo "1510"]
[BlackElo "1927"]
[PlyCount "46"]
[EventDate "2018.06.22"]
[EventType "swiss"]
[EventRounds "5"]
[EventCountry "CAN"]

1. e4 c5 2. Nf3 Nc6 3. d4 cxd4 4. Nxd4 Nf6 5. Nc3 d6 6. Be2 g6 7. Be3 Bg7 8.
Qd2 Bd7 9. O-O-O Ng4 10. Bxg4 Bxg4 11. f3 Bd7 12. g4 Ne5 13. Qe2 Rc8 14. Kb1
Nc4 15. Bc1 e6 16. Qe1 Qb6 17. Nb3 a5 18. a4 Bxc3 19. bxc3 Bxa4 20. Ka2 Bd7 21.
Qg1 Qb5 22. Rxd6 Nxd6 23. Qd4 Qa4+ 0-1

[Event "Laval op"]
[Site "Laval CAN"]
[Date "2018.06.23"]
[Round "2.4"]
[White "Zhong, Kevin"]
[Black "Sakr, Nassim"]
[Result "0-1"]
[WhiteElo "1927"]
[BlackElo "2175"]
[PlyCount "100"]
[EventDate "2018.06.22"]
[EventType "swiss"]
[EventRounds "5"]
[EventCountry "CAN"]

1. e4 c5 2. Ne2 d6 3. g3 Nf6 4. Bg2 e6 5. c3 Be7 6. d4 Nbd7 7. O-O O-O 8. h3
Rb8 9. a4 b6 10. b4 Bb7 11. f3 Qc7 12. Be3 Rfc8 13. Na3 a6 14. b5 a5 15. Rc1 h6
16. Qd2 Nh7 17. g4 Rf8 18. Qa2 Rbc8 19. f4 Qb8 20. f5 exf5 21. Rxf5 Bg5 22.
Bxg5 Nxg5 23. d5 Rce8 24. Ng3 g6 25. Rff1 Ne5 26. Nc4 Qd8 27. Nxe5 Rxe5 28. Qc4
Qe7 29. Rf4 Nh7 30. Rcf1 Rc8 31. Qd3 Qh4 32. c4 Re7 33. Kh2 Qg5 34. R1f2 Qe5
35. Qc2 Rce8 36. Qd3 Ng5 37. Rf1 Kg7 38. Kh1 Rh8 39. Qc2 h5 40. Kg1 hxg4 41.
hxg4 Rh4 42. Qd1 Qc3 43. Qe1 Qxe1 44. Rxe1 f5 45. Kf2 fxg4 46. Re3 Nf7 47. Nf1
Ne5 48. Kg3 g5 49. Rc3 gxf4+ 50. Kxh4 Kg6 0-1

[Event "Laval op"]
[Site "Laval CAN"]
[Date "2018.06.23"]
[Round "2.5"]
[White "Huang, Qiuyu"]
[Black "Durette, Francis"]
[Result "1-0"]
[WhiteElo "2104"]
[BlackElo "2031"]
[PlyCount "65"]
[EventDate "2018.06.22"]
[EventType "swiss"]
[EventRounds "5"]
[EventCountry "CAN"]

1. e4 b6 2. d4 Bb7 3. Nc3 e6 4. Nf3 Bb4 5. Bd3 Nf6 6. Bg5 h6 7. Bxf6 Bxc3+ 8.
bxc3 Qxf6 9. Qd2 d6 10. O-O g5 11. Qe3 Nd7 12. a4 a6 13. Rab1 Rg8 14. a5 Qf4
15. Qe2 Qg4 16. c4 Kd8 17. axb6 cxb6 18. Rfe1 Kc7 19. Qd2 Qf4 20. Qb4 g4 21.
Nd2 Rg5 22. g3 Qf6 23. e5 dxe5 24. Be4 a5 25. Qa3 Rh5 26. Bxb7 Kxb7 27. Ne4 Qd8
28. Rb5 Qf8 29. c5 Kc7 30. cxb6+ Nxb6 31. Qc3+ Kb7 32. Reb1 Qd8 33. Rxb6+ 1-0

[Event "Laval op"]
[Site "Laval CAN"]
[Date "2018.06.23"]
[Round "2.7"]
[White "Zhu, Hong Rui"]
[Black "Marchand, Jacques"]
[Result "1/2-1/2"]
[WhiteElo "2293"]
[BlackElo "1802"]
[PlyCount "87"]
[EventDate "2018.06.22"]
[EventType "swiss"]
[EventRounds "5"]
[EventCountry "CAN"]

1. e4 e5 2. Nf3 Nc6 3. d4 exd4 4. Bc4 d6 5. c3 Ne5 6. Nxe5 dxe5 7. Qb3 Qe7 8.
cxd4 Qb4+ 9. Nd2 Qxb3 10. Nxb3 Bb4+ 11. Bd2 Bxd2+ 12. Kxd2 exd4 13. Nxd4 Bd7
14. Kc2 Ne7 15. Rad1 O-O-O 16. Rd2 Nc6 17. Rhd1 Nxd4+ 18. Rxd4 Be6 19. Bxe6+
fxe6 20. Kc3 e5 21. Rxd8+ Rxd8 22. Rxd8+ Kxd8 23. Kc4 c6 24. h4 Kd7 25. b4 h5
26. g3 Kd6 27. a4 b6 28. f4 a6 29. fxe5+ Kxe5 30. a5 bxa5 31. bxa5 Kxe4 32. Kc5
Kf3 33. Kb6 c5 34. Kxc5 Kxg3 35. Kb6 Kxh4 36. Kxa6 g5 37. Kb5 g4 38. a6 g3 39.
a7 g2 40. a8=Q g1=Q 41. Kc4 Qg4+ 42. Kd3 Kg3 43. Qb8+ Qf4 44. Qxf4+ 1/2-1/2

[Event "Laval op"]
[Site "Laval CAN"]
[Date "2018.06.23"]
[Round "2.10"]
[White "Nikulich, Oleksandr"]
[Black "Lesage, Philippe"]
[Result "1-0"]
[WhiteElo "1982"]
[BlackElo "1779"]
[PlyCount "39"]
[EventDate "2018.06.22"]
[EventType "swiss"]
[EventRounds "5"]
[EventCountry "CAN"]

1. d4 Nf6 2. c4 e6 3. Nf3 b6 4. g3 Ba6 5. Qc2 c5 6. Bg2 Nc6 7. Be3 cxd4 8. Nxd4
Bb4+ 9. Nd2 Nxd4 10. Bxd4 Rc8 11. O-O Bxd2 12. Qxd2 Bxc4 13. b3 Ba6 14. Qb4
Bxe2 15. Rfe1 Bh5 16. Rac1 d5 17. Qa4+ Nd7 18. Bxg7 Rxc1 19. Rxc1 Ke7 20. Bxh8
1-0

[Event "Laval op"]
[Site "Laval CAN"]
[Date "2018.06.23"]
[Round "2.11"]
[White "Supsup, Ferdinand"]
[Black "Nunez-Painchaud, Raphael"]
[Result "0-1"]
[WhiteElo "1698"]
[BlackElo "1907"]
[PlyCount "40"]
[EventDate "2018.06.22"]
[EventType "swiss"]
[EventRounds "5"]
[EventCountry "CAN"]

1. a3 d5 2. d3 Nf6 3. g3 g6 4. Bg2 Bg7 5. Nd2 O-O 6. Ngf3 Bf5 7. O-O c6 8. Re1
Qc8 9. e4 dxe4 10. dxe4 Bg4 11. Qe2 Na6 12. Rb1 Nc5 13. Qc4 Nfd7 14. e5 Be6 15.
Qf4 Ba2 16. Ra1 Bd5 17. Bh3 Qc7 18. c4 Nd3 19. Qe3 Nxe1 20. Nxe1 Be6 0-1

[Event "Laval op"]
[Site "Laval CAN"]
[Date "2018.06.23"]
[Round "2.12"]
[White "Vignalou, Joseph"]
[Black "Couture, Jonathan"]
[Result "0-1"]
[WhiteElo "1756"]
[BlackElo "1928"]
[PlyCount "68"]
[EventDate "2018.06.22"]
[EventType "swiss"]
[EventRounds "5"]
[EventCountry "CAN"]

1. e4 g6 2. d4 Bg7 3. c4 d6 4. Nc3 Nf6 5. f3 O-O 6. Be3 e5 7. d5 a5 8. Qd2 Na6
9. Bd3 Nh5 10. Nge2 f5 11. Bg5 Bf6 12. Bh6 Rf7 13. O-O-O Nc5 14. Rhg1 Nf4 15.
Bxf4 exf4 16. Bc2 fxe4 17. Nxe4 Nxe4 18. Bxe4 a4 19. Nd4 Be5 20. Qf2 Qf6 21.
Rd3 Ra6 22. Rgd1 Rb6 23. R1d2 Rb4 24. Rc2 Bd7 25. Qd2 Rb6 26. h3 Re7 27. Ne6
Be8 28. Nd4 h6 29. Ne6 Kh7 30. Nd4 a3 31. b3 c5 32. dxc6 bxc6 33. c5 dxc5 34.
Rxc5 Bd6 0-1

[Event "Laval op"]
[Site "Laval CAN"]
[Date "2018.06.23"]
[Round "2.13"]
[White "Abbas, Talal"]
[Black "Tinica, Gabriel"]
[Result "0-1"]
[WhiteElo "1914"]
[BlackElo "1635"]
[PlyCount "50"]
[EventDate "2018.06.22"]
[EventType "swiss"]
[EventRounds "5"]
[EventCountry "CAN"]

1. e4 c5 2. Nc3 g6 3. f4 Bg7 4. Nf3 e6 5. Bc4 Ne7 6. e5 Nf5 7. d4 cxd4 8. Nb5
O-O 9. Nbxd4 Nxd4 10. Qxd4 Nc6 11. Qe4 d5 12. exd6 Qxd6 13. O-O Na5 14. Bd3 Bd7
15. Ne5 Bc6 16. Qe2 b6 17. Kh1 Nb7 18. Be3 Bxe5 19. fxe5 Qxe5 20. Qf2 Nc5 21.
Bh6 Qxb2 22. Bxf8 Rxf8 23. Qg3 Be4 24. Bxe4 Nxe4 25. Qd3 Nf2+ 0-1

[Event "Laval op"]
[Site "Laval CAN"]
[Date "2018.06.23"]
[Round "2.14"]
[White "Deschamps, Martin"]
[Black "Gauthier, Luc"]
[Result "1-0"]
[WhiteElo "1869"]
[BlackElo "1581"]
[PlyCount "73"]
[EventDate "2018.06.22"]
[EventType "swiss"]
[EventRounds "5"]
[EventCountry "CAN"]

1. c4 c6 2. Nc3 d5 3. cxd5 cxd5 4. d4 Nf6 5. Nf3 Nc6 6. Bf4 a6 7. e3 Bg4 8. h3
Bh5 9. Be2 e6 10. O-O Bd6 11. Bxd6 Qxd6 12. Rc1 O-O 13. g4 Bg6 14. Nh4 Rac8 15.
f4 Ne4 16. Kg2 Nxc3 17. Rxc3 Be4+ 18. Bf3 Nb4 19. Qb3 g5 20. fxg5 Rxc3 21. Qxc3
Nxa2 22. Qb3 Nb4 23. Bxe4 dxe4 24. Rf6 Rc8 25. Nf5 Qf8 26. Nh6+ Kh8 27. Nxf7+
Kg7 28. Qxe6 Rc2+ 29. Kg3 Qb8+ 30. Ne5 Rc7 31. Rf7+ Rxf7 32. Qxf7+ Kh8 33. Qf6+
Kg8 34. g6 hxg6 35. Qxg6+ Kh8 36. Kh4 Qd8+ 37. g5 1-0

[Event "Laval op"]
[Site "Laval CAN"]
[Date "2018.06.23"]
[Round "2.15"]
[White "Richard, Leo"]
[Black "Gonzalez, Daniel"]
[Result "1-0"]
[WhiteElo "1658"]
[BlackElo "1833"]
[PlyCount "97"]
[EventDate "2018.06.22"]
[EventType "swiss"]
[EventRounds "5"]
[EventCountry "CAN"]

1. e4 Nf6 2. e5 Nd5 3. c4 Nb6 4. d4 d6 5. exd6 exd6 6. Nf3 Bg4 7. Nc3 Be7 8. h3
Bh5 9. Be2 Nc6 10. O-O O-O 11. b3 Bxf3 12. Bxf3 Bf6 13. Be3 Rb8 14. Rc1 Ne7 15.
Qd3 Ng6 16. Ne4 Be7 17. Rfd1 Nd7 18. Ng3 Nh4 19. Be2 f5 20. f4 Nf6 21. Nxf5
Nxf5 22. Qxf5 d5 23. cxd5 Nxd5 24. Qxd5+ Qxd5 25. Bc4 Qxc4 26. Rxc4 Bd6 27. g3
Rfe8 28. Kf2 Re7 29. Re1 Rbe8 30. Bd2 Rxe1 31. Bxe1 h6 32. a4 a6 33. a5 c6 34.
Bb4 Bc7 35. d5 c5 36. Rxc5 Bb8 37. Rc1 Rd8 38. Rd1 Ba7+ 39. Kf3 b6 40. axb6
Bxb6 41. d6 a5 42. Ba3 Kf7 43. d7 Bc7 44. f5 g6 45. fxg6+ Kxg6 46. Be7 Rb8 47.
Rd3 Bd8 48. Bxd8 Rxd8 49. Rd6+ 1-0

[Event "Laval op"]
[Site "Laval CAN"]
[Date "2018.06.23"]
[Round "2.16"]
[White "Baran, Marius"]
[Black "Lafleche, Alain"]
[Result "1-0"]
[WhiteElo "1823"]
[BlackElo "1510"]
[PlyCount "45"]
[EventDate "2018.06.22"]
[EventType "swiss"]
[EventRounds "5"]
[EventCountry "CAN"]

1. e4 e5 2. Nf3 Nc6 3. d4 exd4 4. Bc4 Nf6 5. e5 Ne4 6. Bd5 Nc5 7. O-O Be7 8.
Re1 Nb4 9. Bb3 Nxb3 10. axb3 c5 11. c3 Nc6 12. Bf4 O-O 13. cxd4 cxd4 14. Nxd4
Qb6 15. Nf5 Bc5 16. Be3 Re8 17. Qg4 g6 18. Nh6+ Kf8 19. Qf4 f5 20. Qc4 Nxe5 21.
Bxc5+ d6 22. Qg8+ Ke7 23. Rxe5+ 1-0

[Event "Laval op"]
[Site "Laval CAN"]
[Date "2018.06.23"]
[Round "2.17"]
[White "Page, Dany"]
[Black "Steinberg, Ellis"]
[Result "0-1"]
[WhiteElo "1630"]
[BlackElo "1699"]
[PlyCount "75"]
[EventDate "2018.06.22"]
[EventType "swiss"]
[EventRounds "5"]
[EventCountry "CAN"]

1. e4 g6 2. d4 d6 3. f3 Bg7 4. c4 Nf6 5. Nc3 b6 6. Be3 Bb7 7. Qd2 h5 8. Bd3 c5
9. d5 Nbd7 10. f4 Ng4 11. Nf3 Nxe3 12. Qxe3 Qc7 13. O-O a6 14. Qd2 O-O-O 15.
Rab1 Kb8 16. b4 cxb4 17. Ne2 Nc5 18. Bc2 a5 19. Ned4 Bxd4+ 20. Nxd4 Nd7 21. Ba4
Ka8 22. Kh1 Rc8 23. Rbc1 Nc5 24. Bc2 Ba6 25. Qe2 Qd7 26. Bd1 Na4 27. Bxa4 Qxa4
28. Nc6 Rc7 29. Qb2 Rhc8 30. Rf3 Bxc4 31. Qd4 Bb5 32. Qxb6 Bxc6 33. dxc6 Rxc6
34. Rxc6 Qd1+ 35. Qg1 Qxg1+ 36. Kxg1 Rxc6 37. a3 Rc3 38. Rxc3 0-1

[Event "Laval op"]
[Site "Laval CAN"]
[Date "2018.06.23"]
[Round "3.5"]
[White "Beaulieu, Eric"]
[Black "Tomb, Maroun"]
[Result "1-0"]
[WhiteElo "2125"]
[BlackElo "2170"]
[PlyCount "100"]
[EventDate "2018.06.22"]
[EventType "swiss"]
[EventRounds "5"]
[EventCountry "CAN"]

1. d4 d6 2. Nf3 Nf6 3. g3 Nbd7 4. Bg2 e5 5. c4 Be7 6. Nc3 O-O 7. O-O c6 8. e4
a6 9. a4 a5 10. h3 exd4 11. Nxd4 Nc5 12. Kh2 Re8 13. Re1 Qc7 14. b3 Bf8 15. Qc2
g6 16. f4 Bg7 17. Be3 h5 18. Bf3 Bd7 19. Rad1 Re7 20. Bf2 Rae8 21. Re2 b6 22.
Kg2 Qc8 23. Rh1 Na6 24. Qb1 Nb4 25. Rd2 Qc7 26. Nde2 Bc8 27. Rhd1 Rd7 28. Bd4
Rdd8 29. Kh2 Na6 30. Qb2 Nc5 31. e5 dxe5 32. Bxe5 Rxd2 33. Rxd2 Rxe5 34. fxe5
Nfd7 35. e6 Nxe6 36. Qc2 h4 37. Ne4 Ne5 38. Bg2 hxg3+ 39. N2xg3 f5 40. Nd6 Bh6
41. Rd1 Bd7 42. Kh1 Bf8 43. c5 bxc5 44. Nc4 Nxc4 45. Qxc4 Qxg3 46. Rxd7 Qe1+
47. Bf1 Qe5 48. Qxe6+ Qxe6 49. Bc4 Qxc4 50. bxc4 Bg7 1-0

[Event "Laval op"]
[Site "Laval CAN"]
[Date "2018.06.23"]
[Round "3.6"]
[White "Nunez-Painchaud, Raphael"]
[Black "Zheng, Richard"]
[Result "1/2-1/2"]
[WhiteElo "1907"]
[BlackElo "1991"]
[PlyCount "63"]
[EventDate "2018.06.22"]
[EventType "swiss"]
[EventRounds "5"]
[EventCountry "CAN"]

1. c4 Nf6 2. Nf3 c6 3. Nc3 d5 4. d4 e6 5. Bg5 dxc4 6. a4 Bb4 7. e3 b5 8. Be2
Nbd7 9. O-O Bxc3 10. bxc3 h6 11. Bh4 Bb7 12. Qb1 a6 13. Bxc4 Qc8 14. Be2 bxa4
15. Rxa4 c5 16. Ra5 Ne4 17. Qa1 Qc6 18. Rc1 g5 19. Bg3 h5 20. Qa4 h4 21. Qxc6
Bxc6 22. Be5 f6 23. Bxf6 Ndxf6 24. Ne5 Bd7 25. f3 Nd6 26. Rxc5 Nd5 27. Bd3 Rg8
28. c4 Nf6 29. Ra5 Nf5 30. d5 Nxe3 31. Kf2 Nexd5 32. cxd5 1/2-1/2

[Event "Laval op"]
[Site "Laval CAN"]
[Date "2018.06.23"]
[Round "3.7"]
[White "Steinberg, Ellis"]
[Black "Zhu, Hong Rui"]
[Result "0-1"]
[WhiteElo "1699"]
[BlackElo "2293"]
[PlyCount "44"]
[EventDate "2018.06.22"]
[EventType "swiss"]
[EventRounds "5"]
[EventCountry "CAN"]

1. e4 c5 2. Nf3 d6 3. d4 cxd4 4. Nxd4 Nf6 5. Nc3 g6 6. Be3 Bg7 7. f3 Nc6 8. Qd2
O-O 9. Bc4 Bd7 10. O-O-O Rc8 11. Bb3 Nxd4 12. Bxd4 b5 13. Bxa7 b4 14. Nd5 Nxd5
15. exd5 Qa5 16. Bd4 Ba4 17. Qe3 Rc7 18. Bb6 Bxb3 19. axb3 Bxb2+ 20. Kxb2 Qa3+
21. Kb1 Ra8 22. Bd4 Qa2+ 0-1

[Event "Laval op"]
[Site "Laval CAN"]
[Date "2018.06.23"]
[Round "3.8"]
[White "Sprumont, Oscar"]
[Black "Baran, Marius"]
[Result "1-0"]
[WhiteElo "2046"]
[BlackElo "1823"]
[PlyCount "101"]
[EventDate "2018.06.22"]
[EventType "swiss"]
[EventRounds "5"]
[EventCountry "CAN"]

1. Nf3 d5 2. c4 e6 3. g3 Nf6 4. Bg2 Be7 5. O-O O-O 6. b3 Nbd7 7. Bb2 b6 8. Nc3
Bb7 9. d3 c5 10. cxd5 exd5 11. d4 Rc8 12. Rc1 Qc7 13. e3 Rfd8 14. Qe2 a6 15.
dxc5 bxc5 16. Rfd1 Qa5 17. Nh4 Ne5 18. Nxd5 Bxd5 19. Bxe5 Bxg2 20. Nxg2 Qb5 21.
Nf4 c4 22. Rxd8+ Rxd8 23. Bxf6 Bxf6 24. Qxc4 Qb7 25. Qc6 Qb5 26. Qxb5 axb5 27.
Rc5 Rb8 28. Nd5 Bd8 29. Nc3 b4 30. Nd5 Kf8 31. Kf1 Ke8 32. Rc4 Ba5 33. Ke2 Kd7
34. Kd3 f5 35. Nf4 Bc7 36. Ne6 Bd6 37. Nxg7 Rf8 38. Nh5 Ra8 39. Rc2 Ra5 40.
Nf6+ Ke7 41. Nxh7 Rd5+ 42. Ke2 Be5 43. Ng5 Bc3 44. Nf3 Ra5 45. Nd4 Kf6 46. Kd3
Ra8 47. a4 bxa3 48. Rxc3 a2 49. Nc2 a1=Q 50. Nxa1 Rxa1 51. Rc2 1-0

[Event "Laval op"]
[Site "Laval CAN"]
[Date "2018.06.23"]
[Round "3.9"]
[White "Durette, Francis"]
[Black "Chang, Alexander RZ"]
[Result "1-0"]
[WhiteElo "2031"]
[BlackElo "1567"]
[PlyCount "91"]
[EventDate "2018.06.22"]
[EventType "swiss"]
[EventRounds "5"]
[EventCountry "CAN"]

1. c4 e5 2. Nc3 Nc6 3. g3 d6 4. e4 g6 5. Bg2 Bg7 6. Nge2 Be6 7. d3 Nge7 8. O-O
O-O 9. Nd5 Qd7 10. Be3 Nd4 11. Bxd4 exd4 12. Ndf4 c5 13. Nxe6 fxe6 14. Bh3 Bh6
15. b4 b6 16. b5 Rf6 17. f4 Raf8 18. Qd2 Qc7 19. g4 g5 20. fxg5 Rxf1+ 21. Rxf1
Rxf1+ 22. Bxf1 Bg7 23. Nf4 Qc8 24. h3 Be5 25. Nh5 Ng6 26. Qf2 Qd8 27. Nf6+ Kg7
28. Nh5+ Kg8 29. h4 Qf8 30. Nf6+ Kg7 31. Nd7 Qd8 32. Nxe5 dxe5 33. Kh2 Qf8 34.
Qxf8+ Kxf8 35. h5 Nf4 36. Kg3 Kf7 37. Kh4 Kg7 38. a3 Kf7 39. g6+ hxg6 40. Kg5
Kg7 41. h6+ Kh7 42. a4 Kg8 43. Kf6 Kh7 44. g5 Kg8 45. Kxe5 Nh5 46. Kxe6 1-0

[Event "Laval op"]
[Site "Laval CAN"]
[Date "2018.06.23"]
[Round "3.10"]
[White "Couture, Jonathan"]
[Black "Richard, Leo"]
[Result "0-1"]
[WhiteElo "1928"]
[BlackElo "1658"]
[PlyCount "66"]
[EventDate "2018.06.22"]
[EventType "swiss"]
[EventRounds "5"]
[EventCountry "CAN"]

1. e4 e5 2. Nf3 Nc6 3. Bc4 Bc5 4. b4 Bxb4 5. c3 Ba5 6. d4 exd4 7. O-O Nf6 8. e5
Ne4 9. cxd4 d5 10. exd6 Nxd6 11. Bd5 O-O 12. Bg5 Qd7 13. Ne5 Nxe5 14. dxe5 Nb5
15. Qf3 c6 16. Be4 Qg4 17. Qxg4 Bxg4 18. a4 Nd4 19. Nd2 Rfe8 20. Nc4 Be2 21.
Be3 Bxc4 22. Bxd4 Bxf1 23. Kxf1 Bc7 24. f4 f6 25. Re1 fxe5 26. fxe5 g6 27. Bc2
Bb6 28. Bb3+ Kg7 29. Bc3 Rad8 30. e6+ Bd4 31. e7 Rd6 32. Bxd4+ Rxd4 33. Re5 Rd7
0-1

[Event "Laval op"]
[Site "Laval CAN"]
[Date "2018.06.23"]
[Round "3.11"]
[White "Marchand, Jacques"]
[Black "Zhong, Kevin"]
[Result "0-1"]
[WhiteElo "1802"]
[BlackElo "1927"]
[PlyCount "82"]
[EventDate "2018.06.22"]
[EventType "swiss"]
[EventRounds "5"]
[EventCountry "CAN"]

1. e4 c5 2. c4 Nc6 3. Nc3 g6 4. g3 Bg7 5. Bg2 d6 6. Nge2 e6 7. O-O Nge7 8. d3
O-O 9. Rb1 Rb8 10. a3 a5 11. Bf4 b6 12. Nb5 e5 13. Bd2 Ba6 14. Nec3 Nd4 15.
Nxd4 cxd4 16. Nb5 Bxb5 17. cxb5 d5 18. exd5 Nxd5 19. Qb3 Nc7 20. f4 Ne6 21. f5
Nc5 22. Qc4 Rc8 23. Bc6 e4 24. Bxa5 Nxd3 25. Bd2 Ne5 26. Qe2 Nxc6 27. bxc6 Re8
28. fxg6 hxg6 29. Qc4 Qe7 30. b4 e3 31. Be1 Qe6 32. Qxe6 Rxe6 33. b5 d3 34. Rb3
d2 35. Bxd2 exd2 36. Rd3 Bf8 37. Rxd2 Bxa3 38. Rd7 Re7 39. Rfd1 Rxd7 40. Rxd7
Kf8 41. Kg2 Ke8 0-1

[Event "Laval op"]
[Site "Laval CAN"]
[Date "2018.06.23"]
[Round "3.12"]
[White "Tinica, Gabriel"]
[Black "Deschamps, Martin"]
[Result "1/2-1/2"]
[WhiteElo "1635"]
[BlackElo "1869"]
[PlyCount "106"]
[EventDate "2018.06.22"]
[EventType "swiss"]
[EventRounds "5"]
[EventCountry "CAN"]

1. d4 Nf6 2. c4 e6 3. Nc3 c5 4. d5 exd5 5. cxd5 d6 6. e4 g6 7. f4 Bg7 8. Bb5+
Nfd7 9. a4 a6 10. Bd3 O-O 11. Nf3 Re8 12. O-O Nb6 13. Re1 Bg4 14. h3 Bxf3 15.
Qxf3 Qh4 16. Be3 N8d7 17. g4 Rac8 18. g5 f5 19. Bf2 fxe4 20. Nxe4 Bd4 21. Kh2
Bxf2 22. Nxf2 Rf8 23. Qg3 Rxf4 24. Qxh4 Rxh4 25. Ng4 c4 26. Be4 Rh5 27. Nh6+
Kg7 28. a5 Rxg5 29. Ng4 Na8 30. Bc2 Ne5 31. Nxe5 Rxe5 32. Rxe5 dxe5 33. d6 Rd8
34. Rd1 Kf6 35. Be4 b6 36. Bxa8 Rxa8 37. d7 Ke7 38. axb6 Kd8 39. Kg3 Rb8 40.
Rd6 a5 41. Kf3 a4 42. Ke4 c3 43. bxc3 a3 44. b7 Rxb7 45. Ra6 Rb3 46. Kxe5 Kxd7
47. Kd4 Kc7 48. Kc4 Kb7 49. Kxb3 Kxa6 50. Kxa3 g5 51. Kb3 h5 52. Kc4 g4 53.
hxg4 hxg4 1/2-1/2

[Event "Laval op"]
[Site "Laval CAN"]
[Date "2018.06.23"]
[Round "3.13"]
[White "Gauthier, Denis"]
[Black "Vignalou, Joseph"]
[Result "1-0"]
[WhiteElo "1791"]
[BlackElo "1756"]
[PlyCount "91"]
[EventDate "2018.06.22"]
[EventType "swiss"]
[EventRounds "5"]
[EventCountry "CAN"]

1. d4 Nf6 2. c4 e6 3. Nf3 b6 4. a3 Bb7 5. Nc3 d5 6. cxd5 Nxd5 7. Qc2 Be7 8. e4
Nxc3 9. bxc3 Nd7 10. Bf4 c5 11. Bd3 Rc8 12. Qe2 O-O 13. O-O cxd4 14. cxd4 Rc3
15. a4 Qa8 16. a5 bxa5 17. Rxa5 Bb4 18. Ra2 a5 19. Bd2 Rxd3 20. Bxb4 Bxe4 21.
Ne1 Rxd4 22. Bxf8 Nxf8 23. f3 Bd5 24. Qe3 Rb4 25. Ra1 a4 26. Nc2 Rb2 27. Qc3
Rb3 28. Qc7 Qc6 29. Qxc6 Bxc6 30. Nd4 Bd5 31. Rxa4 Rd3 32. Rb4 g6 33. Ne2 Kg7
34. Nf4 Rd2 35. Nxd5 exd5 36. Rbb1 Ne6 37. Rfd1 Rxd1+ 38. Rxd1 d4 39. Kf2 Kf6
40. g3 Ke5 41. Ra1 Kd5 42. Ra7 Kc4 43. Rxf7 Kc3 44. Rd7 Nc5 45. Rc7 Kb4 46.
Rxh7 1-0

[Event "Laval op"]
[Site "Laval CAN"]
[Date "2018.06.23"]
[Round "3.14"]
[White "Lesage, Philippe"]
[Black "Joanis, Marc-Andre"]
[Result "1/2-1/2"]
[WhiteElo "1779"]
[BlackElo "1783"]
[PlyCount "88"]
[EventDate "2018.06.22"]
[EventType "swiss"]
[EventRounds "5"]
[EventCountry "CAN"]

1. c4 e6 2. Nf3 Nf6 3. g3 b6 4. Bg2 Bb7 5. O-O Be7 6. Nc3 O-O 7. b3 c5 8. d4
cxd4 9. Qxd4 Nc6 10. Qf4 Qb8 11. Rd1 a6 12. Be3 Bd8 13. Qxb8 Rxb8 14. Bf4 Rc8
15. Ne5 d5 16. Nxc6 Bxc6 17. cxd5 exd5 18. Nxd5 Nxd5 19. Bxd5 Bxd5 20. Rxd5 Bf6
21. Rad1 Rc2 22. R5d2 Rfc8 23. Kg2 h6 24. e4 Bg5 25. Bxg5 hxg5 26. Kf3 f6 27.
Ke2 Kf7 28. Rxc2 Rxc2+ 29. Rd2 Rc1 30. f3 Ke6 31. Ke3 Rc8 32. f4 gxf4+ 33. gxf4
Rc3+ 34. Kd4 Rc8 35. Rg2 Rd8+ 36. Ke3 Kf7 37. Rc2 Rd6 38. h4 Kg6 39. f5+ Kf7
40. Rc7+ Kf8 41. b4 b5 42. a3 Kg8 43. Rc5 Kf7 44. Rd5 Rc6 1/2-1/2

[Event "Laval op"]
[Site "Laval CAN"]
[Date "2018.06.23"]
[Round "3.15"]
[White "Gonzalez, Daniel"]
[Black "Supsup, Ferdinand"]
[Result "1-0"]
[WhiteElo "1833"]
[BlackElo "1698"]
[PlyCount "51"]
[EventDate "2018.06.22"]
[EventType "swiss"]
[EventRounds "5"]
[EventCountry "CAN"]

1. e4 d6 2. d4 Nf6 3. Nc3 Nbd7 4. Nf3 e5 5. Bd3 Be7 6. O-O O-O 7. Ne2 exd4 8.
Nexd4 Nc5 9. Nd2 Re8 10. N4b3 Nxd3 11. cxd3 Bf8 12. Qc2 g6 13. h3 Bg7 14. f4 d5
15. e5 Nh5 16. Nd4 Nxf4 17. Rxf4 Bxe5 18. N2b3 Bxf4 19. Bxf4 c6 20. Qf2 Qe7 21.
Rf1 Bd7 22. Qg3 Qb4 23. Bd6 Qa4 24. Qf2 f5 25. Nc5 Qb4 26. a3 1-0

[Event "Laval op"]
[Site "Laval CAN"]
[Date "2018.06.23"]
[Round "3.16"]
[White "Gauthier, Luc"]
[Black "Abbas, Talal"]
[Result "1/2-1/2"]
[WhiteElo "1581"]
[BlackElo "1914"]
[PlyCount "88"]
[EventDate "2018.06.22"]
[EventType "swiss"]
[EventRounds "5"]
[EventCountry "CAN"]

1. e4 e5 2. Nc3 Nf6 3. f4 d5 4. fxe5 Nxe4 5. Nf3 Be6 6. Be2 Nc6 7. O-O Be7 8.
d4 O-O 9. Be3 f6 10. Bd3 Nxc3 11. bxc3 fxe5 12. dxe5 Bg4 13. Bd4 Qd7 14. Rb1
Na5 15. Qe2 a6 16. Qd2 c5 17. Be3 Nc6 18. Bf4 b5 19. Rbe1 c4 20. Be2 Rad8 21.
Nd4 Be6 22. Bg5 Rxf1+ 23. Rxf1 Nxd4 24. cxd4 b4 25. Bxe7 Qxe7 26. c3 a5 27. Rb1
Rb8 28. Bd1 Bf5 29. Bc2 Bxc2 30. Qxc2 Qb7 31. Qa4 Qb5 32. Qd1 b3 33. axb3 cxb3
34. Qg4 Qe8 35. Qe2 Rb6 36. c4 a4 37. cxd5 a3 38. Qc4 Qb5 39. Qc8+ Kf7 40. Rf1+
Qxf1+ 41. Kxf1 a2 42. Qc7+ Ke8 43. Qc8+ Kf7 44. Qc7+ Ke8 1/2-1/2